| 000 | 02040nam a22002537a 4500 | ||
|---|---|---|---|
| 001 | 6281 | ||
| 003 | FISKH | ||
| 005 | 20250509122122.0 | ||
| 008 | 250408b cb ||||| |||| 00| 0 eng d | ||
| 040 |
_aFISKH _bkhr _cFISKH _dFISKH |
||
| 050 | _aPZ7 | ||
| 082 | _a800 | ||
| 100 | _aDoung | ||
| 245 |
_aរឿង កាកី / _cនិពន្ធដោយព្រះបាទអង្គឌួង |
||
| 260 |
_aភ្នំពេញ : _c2005 . |
||
| 300 |
_a44 pages : _billustrations ; _c20 cm . |
||
| 520 | _aព្រះបាទព្រហ្មទត្ត ជាស្តេចសោយរាជ្យនៅនគរពារាណសីជាស្វាមីរបស់នាងកាកី ។ នាងកាកីជាស្រីចិត្តមិនស្មោះនាងបានចាប់ចិត្តស្រលាញ់គ្រុឌដែលជាបុរសសង្ហារ។ ក្រោយមកទៀតនាងក៏ស្រលាញ់បុរសម្នាក់ទៀត ធ្វើអោយគ្រុឌខឺងយ៉ាងខ្លាំង ក៏យកនាងទៅប្រគល់អោយព្រះបាទព្រហ្មទត្តវិញ ដោយភាពមិនស្មោះត្រង់ ទ្រង់ក៏យកនាងទៅចងលើក្បូនហើយបណ្តែតនាងតាមទឹករហូតលង់ទឺកស្លាប់ ។ | ||
| 520 | _aKing Brahmadatta, the king of Varanasi, was the husband of Kaki. Kaki was a disloyal woman who fell in love with Kruda, a handsome man. Later, she fell in love with another man, which made him very angry. He took her back to King Brahmadatta, who was unfaithful. He tied her to a raft and floated her down the river until she drowned. | ||
| 650 |
_aកាកី _vអក្សរសិល្ប៏ខ្មែរបុរាណ |
||
| 650 |
_aKakey _vKhmer Literature |
||
| 700 |
_aRatana , Kleung _eIllustrater |
||
| 942 |
_2ddc _cKHB _n0 |
||
| 999 |
_c6281 _d6281 |
||